[Event "Titled Tue 10th Jun Early"]
[Site "chess.com INT"]
[Date "2025.06.10"]
[Round "4"]
[White "Jedryczka, Krystian"]
[Black "Mikhalsky, Vladimir"]
[Result "0-1"]
[WhiteElo "2079"]
[BlackElo "2219"]
[WhiteFideId "1109472"]
[BlackFideId "14144352"]
[EventDate "2025.06.10"]

1. e4 g6 2. d4 Bg7 3. Nc3 d6 4. h3 a6 5. a4 b6 6. Nf3 Bb7 7. Bd3 e6 8. O-O Nd7
9. Bg5 Ne7 10. Qd2 h6 11. Be3 g5 12. Nh2 Ng6 13. Ng4 h5 14. Bxg5 Qc8 15. Nh2
Bxd4 16. Rab1 Bg7 17. Kh1 Nc5 18. f4 f6 19. e5 f5 20. exd6 cxd6 21. Bc4 Qc6 22.
Nf3 d5 23. Ba2 Ne4 24. Nxe4 fxe4 25. Ne5 Nxe5 26. fxe5 Bxe5 27. Qf2 Qd7 28. Qh4
Qg7 29. Bf6 Bxf6 30. Rxf6 Kd7 31. Rbf1 Rhf8 32. Rxf8 Rxf8 33. Rxf8 Qxf8 34. Qxh5
Qf1+ 35. Kh2 Qf4+ 36. Kh1 Qc1+ 37. Kh2 Qxb2 38. Qf7+ Kd6 39. Qxb7 Qxa2 40. Qxb6+
Ke5 41. Qc7+ Kd4 42. Qg7+ Kc4 43. h4 Qxc2 44. h5 e3 45. h6 e2 46. Qg3 Qf5 47.
Qe3 Qh5+ 48. Kg1 Qxh6 49. Qxe2+ Kb4 50. Qxa6 Qe3+ 51. Kh2 d4 52. Qb5+ Ka3 53. a5
d3 54. a6 d2 55. Qa5+ Kb2 56. a7 Qf4+ 0-1

[Event "Titled Tue 10th Jun Early"]
[Site "chess.com INT"]
[Date "2025.06.10"]
[Round "4"]
[White "Sieciechowicz, Marcin"]
[Black "Kovalevsky, Stanislav"]
[Result "1/2-1/2"]
[WhiteTitle "IM"]
[BlackTitle "FM"]
[WhiteElo "2413"]
[BlackElo "2105"]
[WhiteFideId "1130170"]
[BlackFideId "13508598"]
[EventDate "2025.06.10"]

1. d4 d5 2. c4 c6 3. Nf3 Nf6 4. e3 e6 5. Nbd2 Ne4 6. Bd3 f5 7. O-O Nd7 8. Ne5
Nxe5 9. dxe5 Qb6 10. Qc2 Be7 11. Nb3 O-O 12. f3 Nc5 13. Kh1 Nxd3 14. Qxd3 Qa6
15. Nd2 Rd8 16. Qc2 c5 17. b3 d4 18. exd4 cxd4 19. Bb2 Qa5 20. f4 b6 21. a3 Bb7
22. Qd3 Rd7 23. h3 Rad8 24. Kh2 b5 25. cxb5 g5 26. g3 Qb6 27. a4 a6 28. Nc4 Qc5
29. Ba3 Qd5 30. Rf2 Bxa3 31. Nxa3 axb5 32. fxg5 bxa4 33. bxa4 Qxe5 34. Nc4 Qe4
35. Qxe4 fxe4 36. Ne5 Rc7 37. Rd1 e3 38. Rb2 Ba6 39. g4 d3 40. Kg3 e2 41. Rxe2
Rc5 42. Nf3 Rf8 43. Red2 Rc3 44. Ne5 Ra3 45. h4 Rxa4 46. h5 Rff4 47. h6 Rae4 48.
Nxd3 Rxg4+ 49. Kf3 Bxd3 50. Rxd3 Rgf4+ 51. Kg3 Rg4+ 52. Kf3 Rgf4+ 53. Kg3 Rg4+
54. Kf3 1/2-1/2

[Event "Titled Tue 10th Jun Early"]
[Site "chess.com INT"]
[Date "2025.06.10"]
[Round "4"]
[White "Andreev, Konstantin"]
[Black "Terlouw, Wouter"]
[Result "0-1"]
[WhiteTitle "FM"]
[BlackTitle "CM"]
[WhiteElo "2208"]
[BlackElo "2196"]
[WhiteFideId "24239305"]
[BlackFideId "1087401"]
[EventDate "2025.06.10"]

1. e4 c6 2. d4 d5 3. e5 Bf5 4. Nf3 e6 5. Be2 c5 6. O-O Nc6 7. dxc5 Bxc5 8. c3 h6
9. b4 Bb6 10. b5 Nb8 11. c4 dxc4 12. Bxc4 Qxd1 13. Rxd1 Nd7 14. Nc3 Ne7 15. Bb3
Nc5 16. Bc4 O-O 17. a4 a5 18. bxa6 Nxa6 19. Ba3 Rfe8 20. Bb5 Nc6 21. Bd6 Ba5 22.
Ne2 Nab4 23. Ned4 Nxd4 24. Nxd4 Nc2 25. Bxe8 Nxa1 26. Nxf5 exf5 27. Bd7 Bc3 28.
e6 fxe6 29. Bxe6+ Kh8 30. Bxf5 Bf6 31. Rc1 Nb3 32. Rc7 b5 33. a5 Nxa5 34. g4 Nc4
35. Bc5 Ne5 36. f4 Nc4 37. Kg2 Rb8 38. Kg3 Nd2 39. h4 Nf1+ 40. Kf2 Nd2 41. g5
hxg5 42. hxg5 Bc3 43. Ba7 Rf8 44. Rxc3 Rxf5 45. g6 Ne4+ 46. Kf3 Nxc3 47. Kg4 Rf8
48. f5 Nd5 49. Bd4 Nf6+ 50. Kg5 b4 51. Kh4 Kg8 52. Kg5 b3 53. Be5 Re8 54. Bc3
Rb8 55. Bb2 Rb7 56. Kf4 Nd5+ 57. Kg5 Nb4 58. f6 gxf6+ 59. Kxf6 Nd3 60. Bc3 b2 0-1

[Event "Titled Tue 10th Jun Early"]
[Site "chess.com INT"]
[Date "2025.06.10"]
[Round "4"]
[White "Jiganchine, Roman"]
[Black "Dwilewicz, Katarzyna"]
[Result "0-1"]
[WhiteTitle "CM"]
[BlackTitle "WFM"]
[WhiteElo "2205"]
[BlackElo "2198"]
[WhiteFideId "2603667"]
[BlackFideId "1148486"]
[EventDate "2025.06.10"]

1. Nf3 c5 2. c4 Nc6 3. e3 e5 4. d4 cxd4 5. exd4 Bb4+ 6. Nc3 e4 7. d5 exf3 8.
dxc6 Qe7+ 9. Be3 fxg2 10. Bxg2 dxc6 11. O-O Nf6 12. Re1 O-O 13. Bg5 Be6 14. Qf3
h6 15. Bh4 g5 16. Bg3 Nd7 17. Rad1 Qf6 18. Qh5 Bxc3 19. bxc3 Rfe8 20. Rd6 Nf8
21. Be5 Qg6 22. Qd1 Qf5 23. Bg3 Bxc4 24. Rxh6 Ng6 25. h4 gxh4 26. Rxe8+ Rxe8 27.
Rh5 Qd3 28. Qxd3 Bxd3 29. Bxh4 Nxh4 30. Rxh4 Re1+ 31. Kh2 Re2 32. Rg4+ Bg6 33.
Kg3 Rxa2 34. f4 Kh7 35. Rh4+ Kg7 36. Rh1 Kf6 37. Rd1 Rc2 38. Rd7 Rxc3+ 39. Kh4
Rb3 40. Bh3 a5 41. Rd6+ Ke7 42. Rd7+ Ke8 43. Rc7 a4 44. f5 Bxf5 45. Bxf5 a3 46.
Kg5 a2 47. Kf6 Rd3 48. Rc8+ Rd8 49. Rc7 a1=Q+ 50. Kg5 Qg1+ 51. Bg4 Qe3+ 52. Kf6
Rd6+ 53. Kg7 Qg5+ 54. Kh8 Rh6# 0-1

[Event "Titled Tue 10th Jun Early"]
[Site "chess.com INT"]
[Date "2025.06.10"]
[Round "4"]
[White "Carrasco Miranda, Andres"]
[Black "Pragnya H G"]
[Result "1-0"]
[WhiteTitle "CM"]
[BlackTitle "WFM"]
[WhiteElo "2211"]
[BlackElo "2003"]
[WhiteFideId "3405990"]
[BlackFideId "25609785"]
[EventDate "2025.06.10"]

1. Nf3 Nf6 2. c4 c6 3. g3 d5 4. Bg2 d4 5. O-O g6 6. e3 c5 7. exd4 cxd4 8. d3 Bg7
9. Re1 O-O 10. b3 Nc6 11. Na3 Nd7 12. Nc2 a5 13. Bb2 Nc5 14. Na3 Bf5 15. Bf1 Bg4
16. Nb5 e5 17. Ba3 b6 18. h3 Bd7 19. Qd2 f5 20. Bg2 e4 21. Bxc5 bxc5 22. dxe4
fxe4 23. Rxe4 Bf5 24. Ree1 Nb4 25. Nh4 Bd7 26. Nd6 Ra6 27. Ne4 Qc8 28. Ng5 h6
29. Ngf3 Bxh3 30. a3 Bxg2 31. Kxg2 d3 32. axb4 Bxa1 33. b5 Rd6 34. Rxa1 g5 35.
Rh1 gxh4 36. Rxh4 Qf5 37. Rf4 Qg6 38. Rxf8+ Kxf8 39. Qf4+ Rf6 40. Qb8+ Kg7 41.
Qc7+ Qf7 42. Qe5 d2 43. Nxd2 Kh7 44. Ne4 Rf3 45. Qd5 Qxd5 46. cxd5 Rxb3 47. d6
Rxb5 48. d7 Rb8 49. Nd6 a4 50. Nc8 a3 51. d8=Q a2 52. Qc7+ Kg6 53. Qxb8 1-0

[Event "Titled Tue 10th Jun Early"]
[Site "chess.com INT"]
[Date "2025.06.10"]
[Round "4"]
[White "Hernandez Izquierdo, Jose A."]
[Black "Zaw, Ye Htut"]
[Result "1-0"]
[WhiteTitle "IM"]
[BlackTitle "CM"]
[WhiteElo "2231"]
[BlackElo "2180"]
[WhiteFideId "3527263"]
[BlackFideId "13013955"]
[EventDate "2025.06.10"]

1. e4 d5 2. exd5 Qxd5 3. Nc3 Qa5 4. d4 Nf6 5. Nf3 Nc6 6. Bc4 Bg4 7. h3 Qh5 8.
Be2 O-O-O 9. O-O Nxd4 10. Nxd4 Bxe2 11. Ncxe2 e5 12. Be3 exd4 13. Nxd4 Qxd1 14.
Raxd1 Nd5 15. Nb5 c6 16. Nd4 Nxe3 17. fxe3 f6 18. Ne6 Rxd1 19. Rxd1 Be7 20. Nxg7
Bc5 21. Nf5 Re8 22. Kf2 Re5 23. g4 h5 24. Kf3 hxg4+ 25. hxg4 Kc7 26. Kf4 Re8 27.
c3 b5 28. Rh1 Rd8 29. Nd4 Bd6+ 30. Kf5 Re8 31. Ne6+ Kd7 32. Rh7+ Be7 33. Ng7 Rg8
34. e4 a5 35. e5 fxe5 36. Kxe5 Bd6+ 37. Kf5 Rf8+ 38. Kg5 Be7+ 39. Kh5 Rf1 40.
Nf5 Rh1+ 41. Kg6 Rxh7 42. Kxh7 Bg5 43. Kg6 Bc1 44. b3 a4 45. g5 axb3 46. axb3
Bb2 47. c4 bxc4 48. bxc4 Ke6 49. Ne3 Bc1 50. Nc2 Kd6 51. Nb4 Bd2 52. Nd3 1-0

[Event "Titled Tue 10th Jun Early"]
[Site "chess.com INT"]
[Date "2025.06.10"]
[Round "4"]
[White "Gutierrez Olivares, Daniel"]
[Black "Troltenier, Dirk"]
[Result "1/2-1/2"]
[WhiteTitle "FM"]
[BlackTitle "FM"]
[WhiteElo "2354"]
[BlackElo "2174"]
[WhiteFideId "2264005"]
[BlackFideId "4606400"]
[EventDate "2025.06.10"]

1. c4 e6 2. Nf3 d5 3. g3 c5 4. Bg2 Nc6 5. O-O Nf6 6. b3 Be7 7. cxd5 exd5 8. Bb2
O-O 9. d3 Re8 10. Nc3 Bg4 11. h3 Be6 12. Ng5 Qd7 13. Rc1 Rad8 14. Nxe6 fxe6 15.
Na4 b6 16. e3 Bd6 17. Re1 Kh8 18. a3 Rc8 19. Nc3 Rcd8 20. Ne2 Qe7 21. b4 Rc8 22.
b5 Nb8 23. e4 d4 24. f4 e5 25. f5 Qd7 26. a4 a6 27. Qb3 axb5 28. axb5 Qe7 29. g4
h6 30. Rc2 Nh7 31. Bc1 Qh4 32. Rf1 Be7 33. Kh1 Bg5 34. Ng1 Bxc1 35. Nf3 Qe7 36.
Rfxc1 Nd7 37. h4 Ndf6 38. Bh3 Rcd8 39. Rg1 Ng8 40. Rcg2 Ra8 41. g5 Ra7 42. Bg4
hxg5 43. hxg5 Nxg5 44. Rh2+ Nh7 45. Bh5 Ngf6 46. Bg6 Rea8 47. Ng5 Ra3 48. Nf7+
Kg8 49. Rxh7 Nxh7 50. Ng5+ Kh8 51. Nf7+ Kg8 52. Nh6+ Kh8 53. Nf7+ Kg8 1/2-1/2

[Event "Titled Tue 10th Jun Early"]
[Site "chess.com INT"]
[Date "2025.06.10"]
[Round "4"]
[White "Rubes, Jan"]
[Black "Henriquez Villagra, Cristobal"]
[Result "0-1"]
[WhiteTitle "IM"]
[BlackTitle "GM"]
[WhiteElo "2426"]
[BlackElo "2597"]
[WhiteFideId "338176"]
[BlackFideId "3409350"]
[EventDate "2025.06.10"]

1. d4 d6 2. e4 Nf6 3. Nc3 e5 4. Nge2 Nbd7 5. h3 c6 6. g4 b5 7. Ng3 h6 8. Bg2 Nb6
9. O-O g5 10. b3 Qc7 11. a4 b4 12. Nce2 a5 13. Be3 Be7 14. Qd2 c5 15. dxe5 dxe5
16. Rad1 Be6 17. Nf5 Rd8 18. Ng7+ Kf8 19. Nxe6+ fxe6 20. Qc1 Kf7 21. Ng3 c4 22.
Rxd8 Rxd8 23. Rd1 Rc8 24. Bf1 cxb3 25. cxb3 Qxc1 26. Rxc1 Rxc1 27. Bxc1 Bc5 28.
Kg2 Bd4 29. f3 Nfd7 30. Be2 Nc5 31. Bd1 Nd3 32. Bd2 Nf4+ 33. Kh2 Nd7 34. Ne2 Nc5
35. Nxf4 exf4 36. h4 Kf6 37. hxg5+ hxg5 38. Kg2 Ke5 39. Kf1 Be3 40. Ke2 Bxd2 41.
Kxd2 Kd4 42. Bc2 Nd7 43. Bd3 Nf8 44. Bc4 e5 45. Bf7 Nd7 46. Be6 Nb6 47. Bf7 Na8
48. Be6 Nc7 49. Bc4 Ne8 50. Bf7 Nf6 51. Be6 Nxe4+ 52. fxe4 Kxe4 53. Bf5+ Kd4 54.
Be6 e4 55. Bc4 f3 56. Bb5 e3+ 57. Ke1 Ke4 58. Bc6+ Kf4 59. Bd7 Kg3 60. Kf1 e2+
61. Ke1 f2+ 62. Kxe2 Kg2 0-1

[Event "Titled Tue 10th Jun Early"]
[Site "chess.com INT"]
[Date "2025.06.10"]
[Round "4"]
[White "Di Nicolantonio, Lucas"]
[Black "Toktomushev, Teimur"]
[Result "1-0"]
[WhiteTitle "IM"]
[BlackTitle "FM"]
[WhiteElo "2413"]
[BlackElo "2390"]
[WhiteFideId "680460"]
[BlackFideId "14176726"]
[EventDate "2025.06.10"]

1. d4 d5 2. Nf3 Nf6 3. e3 c5 4. c3 Nc6 5. dxc5 e6 6. b4 a5 7. Bb5 Bd7 8. a4 axb4
9. Bxc6 Bxc6 10. cxb4 b6 11. Nd4 Bb7 12. c6 Bxb4+ 13. Bd2 Bxd2+ 14. Nxd2 Ba6 15.
Nb5 O-O 16. O-O Qe7 17. Qb3 Rfc8 18. Rfc1 Ne8 19. h3 h6 20. Nf3 Nd6 21. Nxd6
Qxd6 22. Qxb6 Bc4 23. Nd2 Rxc6 24. Nxc4 dxc4 25. Qb5 Rb8 26. Rd1 Qc7 27. Rd7 Qc8
28. Rad1 Kh7 29. Qe5 Rc5 30. Qe4+ Kg8 31. g3 Rd5 32. R1xd5 exd5 33. Qxd5 Qf8 34.
Qxc4 Rb1+ 35. Kg2 Qa8+ 36. Qd5 Qa6 37. Rd8+ Kh7 38. Qf5+ Qg6 39. Qxg6+ Kxg6 40.
Rd4 Ra1 41. Kf3 Kf5 42. h4 f6 43. Rb4 g5 44. h5 Ra2 45. g4+ Ke6 46. Rb6+ Ke5 47.
Rb5+ Ke6 48. a5 Ra4 49. Kg3 Ra3 50. Rc5 Ra4 51. Rb5 Ra3 52. Rb6+ Ke5 53. a6 Ra4
54. Rb5+ Ke6 55. Rb6+ Ke5 56. Kf3 Ra3 57. Ke2 Ra2+ 58. Kd3 Rxf2 59. Rb5+ Ke6 60.
Ra5 Rf1 61. a7 Rd1+ 62. Ke4 Rd8 63. a8=Q Rxa8 64. Rxa8 1-0

[Event "Titled Tue 10th Jun Early"]
[Site "chess.com INT"]
[Date "2025.06.10"]
[Round "4"]
[White "Kislinsky, Alexey"]
[Black "Lopez, Henry"]
[Result "1-0"]
[WhiteTitle "GM"]
[WhiteElo "2341"]
[BlackElo "2050"]
[WhiteFideId "14108801"]
[BlackFideId "5203830"]
[EventDate "2025.06.10"]

1. e4 c5 2. Nf3 d6 3. Bb5+ Nd7 4. O-O Nf6 5. Re1 e6 6. Nc3 a6 7. Bf1 b5 8. a3
Bb7 9. d3 Be7 10. g3 O-O 11. Bg2 Re8 12. h3 Qc7 13. Kh2 Rac8 14. Ng1 d5 15. exd5
exd5 16. Bf4 Bd6 17. Bxd6 Qxd6 18. Qd2 Bc6 19. Nce2 d4 20. Nf4 g6 21. Rxe8+ Rxe8
22. Re1 Rxe1 23. Qxe1 Bxg2 24. Nxg2 Ne5 25. f4 Nc6 26. Nf3 Nd5 27. Qe4 Kf8 28.
f5 Nf6 29. Qh4 Kg7 30. fxg6 hxg6 31. Qg5 Nh7 32. Qh4 Nf6 33. Qg5 Nh7 34. Qf4
Qxf4 35. Nxf4 Nf6 36. Kg2 Kf8 37. g4 Ke7 38. c3 Kd6 39. cxd4 cxd4 40. Nd2 Ke5
41. Ne2 Kd5 42. Nf3 Nd7 43. Ng5 Nde5 44. Nf4+ Kd6 45. Kf2 Ke7 46. Ne4 Nd8 47.
Ke2 Ne6 48. Nd5+ Kf8 49. g5 Nd7 50. h4 Ndc5 51. Nd6 Na4 52. b3 Nac5 53. b4 Nd7
54. Kf3 Ne5+ 55. Ke4 Ng4 56. Kf3 Ne5+ 57. Ke2 Ng4 58. Nc8 Ne5 59. Ncb6 Kg7 60.
Na8 1-0

[Event "Titled Tue 10th Jun Early"]
[Site "chess.com INT"]
[Date "2025.06.10"]
[Round "4"]
[White "Mkrtchyan, Mariam"]
[Black "Agarwal, Amaya"]
[Result "0-1"]
[WhiteTitle "WIM"]
[BlackTitle "WCM"]
[WhiteElo "2307"]
[BlackElo "2004"]
[WhiteFideId "13310828"]
[BlackFideId "48733580"]
[EventDate "2025.06.10"]

1. Nf3 d5 2. g3 Nf6 3. Bg2 e6 4. c4 d4 5. e3 c5 6. b4 dxe3 7. fxe3 cxb4 8. d4
Nc6 9. O-O Be7 10. a3 O-O 11. Bb2 Qb6 12. axb4 Nxb4 13. Nc3 Nc6 14. Qe2 Bd7 15.
c5 Qc7 16. Nb5 Qd8 17. e4 a6 18. Na3 Rc8 19. Rfd1 Qc7 20. Nc4 Rfd8 21. Nb6 Rb8
22. Rac1 a5 23. d5 Bxc5+ 24. Rxc5 Qxb6 25. Rc1 exd5 26. Bxf6 gxf6 27. exd5 Nb4
28. Kh1 Kh8 29. Nd4 Rbc8 30. Rxc8 Rxc8 31. Rxc8+ Bxc8 32. Qe8+ Kg7 33. Qxc8 Qxd4
34. h3 Nxd5 35. Qxb7 Qd1+ 36. Kh2 Ne3 37. Be4 Qe2+ 38. Kg1 Qf1+ 39. Kh2 Qf2+ 40.
Kh1 Nf1 41. Bg2 Nxg3+ 42. Kh2 Nf1+ 43. Kh1 Ne3 44. Bd5 a4 45. Qxf7+ Kh6 46. Qf8+
Kg5 47. Qg7+ Kf5 48. Qxh7+ Ke5 49. Qe4+ Kd6 50. Qe6+ Kc5 51. Be4 Qf1+ 52. Kh2
Qe2+ 53. Kg1 a3 0-1

[Event "Titled Tue 10th Jun Early"]
[Site "chess.com INT"]
[Date "2025.06.10"]
[Round "4"]
[White "Bournel, Antoine"]
[Black "Masague Artero, Guerau"]
[Result "1-0"]
[WhiteTitle "IM"]
[BlackTitle "FM"]
[WhiteElo "2423"]
[BlackElo "2326"]
[WhiteFideId "26093553"]
[BlackFideId "32098952"]
[EventDate "2025.06.10"]

1. Nf3 d5 2. e3 Nf6 3. c4 c6 4. Be2 Nbd7 5. cxd5 cxd5 6. d4 e6 7. O-O Bd6 8. Nc3
O-O 9. Nb5 Bb8 10. Bd2 Ne4 11. Rc1 a6 12. Nc3 f5 13. Qb3 Qf6 14. Nxd5 exd5 15.
Qxd5+ Qf7 16. Qxf7+ Kxf7 17. Bc4+ Kf6 18. Bb4 Bd6 19. Bxd6 Nxd6 20. Bb3 g5 21.
Rfd1 h6 22. Ne5 Rd8 23. Rc7 Nb5 24. Rc2 Nxe5 25. dxe5+ Ke7 26. Rxd8 Kxd8 27. f4
Bd7 28. Rd2 Ke7 29. h4 gxh4 30. Kh2 Rd8 31. Kh3 Bc6 32. Rc2 Nc7 33. Kxh4 Nd5 34.
Re2 Rg8 35. g3 Rg4+ 36. Kh3 Nc7 37. Rd2 Rg6 38. Rc2 Ne6 39. Rd2 Nc7 40. Rc2 Nd5
41. Bxd5 Bxd5 42. Rc7+ Ke6 43. Rc8 Rg7 44. Rd8 Rc7 45. Rd6+ Ke7 46. Rxd5 Rc2 47.
Rd6 Rxb2 48. Rxh6 a5 49. a4 Rb4 50. g4 fxg4+ 51. Kxg4 b6 52. Kf5 Rxa4 53. Rxb6
Kd7 54. Ra6 Ra3 55. e4 Kc7 56. e6 Kb7 57. Rd6 Kc7 58. Rd4 Kc6 59. e7 1-0

[Event "Titled Tue 10th Jun Early"]
[Site "chess.com INT"]
[Date "2025.06.10"]
[Round "4"]
[White "Zhauynbay Aldiyar"]
[Black "Cardozo Munar, Carlos Eduardo"]
[Result "1-0"]
[WhiteTitle "FM"]
[BlackTitle "FM"]
[WhiteElo "2233"]
[BlackElo "2052"]
[WhiteFideId "13780646"]
[BlackFideId "4409477"]
[EventDate "2025.06.10"]

1. Nf3 d5 2. e3 c6 3. c4 Nf6 4. Nc3 g6 5. d4 Bg7 6. Be2 O-O 7. O-O Bg4 8. cxd5
Nxd5 9. Nxd5 cxd5 10. Qb3 Qd7 11. h3 Bxf3 12. Bxf3 e6 13. Bd2 Nc6 14. Be2 a6 15.
a4 Rfc8 16. Rfc1 Ne7 17. a5 Rxc1+ 18. Rxc1 Rc8 19. Rc3 Nf5 20. Qb6 Nd6 21. Rxc8+
Nxc8 22. Qb3 Bf8 23. h4 h5 24. g3 Bd6 25. Kg2 Ne7 26. Bd3 Qc7 27. Qa4 Nc6 28. b4
e5 29. b5 axb5 30. Qxb5 exd4 31. exd4 Nxd4 32. Qxd5 Qc6 33. Be4 Nb3 34. Qxc6
bxc6 35. a6 Bc5 36. Be3 Nd4 37. Bxc6 Kf8 38. Bb7 Ke7 39. Kf1 Kd6 40. Kg2 f6 41.
Bf4+ Kd7 42. Bb8 Nc6 43. Bf4 Nd8 44. Be4 f5 45. Bb7 Ba7 46. Bd5 Ne6 47. Be3 Bxe3
48. fxe3 Nc7 49. a7 Nxd5 50. a8=Q Nxe3+ 51. Kf3 Ng4 52. Qa6 Ke7 53. Qb7+ Kf6 54.
Kf4 Nf2 55. Qb6+ Kf7 56. Qxf2 1-0

[Event "Titled Tue 10th Jun Early"]
[Site "chess.com INT"]
[Date "2025.06.10"]
[Round "4"]
[White "Guliev, Gasan"]
[Black "Loya Ibarra, Rigoberto"]
[Result "1-0"]
[WhiteTitle "CM"]
[WhiteElo "2123"]
[BlackElo "2069"]
[WhiteFideId "34165638"]
[BlackFideId "5110688"]
[EventDate "2025.06.10"]

1. d4 d5 2. Bf4 Nf6 3. Nf3 e6 4. e3 Bd6 5. Bg3 c5 6. c3 cxd4 7. exd4 Bxg3 8.
hxg3 Nc6 9. Nbd2 Qb6 10. Qb3 Qxb3 11. axb3 O-O 12. Bb5 Bd7 13. b4 Rfe8 14. Bxc6
Bxc6 15. Ne5 Nd7 16. Nxc6 bxc6 17. O-O e5 18. Nb3 exd4 19. Nxd4 c5 20. bxc5 Nxc5
21. Ra5 Nd3 22. b4 Rec8 23. Rxd5 Rxc3 24. Nb5 Rb3 25. Rd1 h6 26. R1xd3 Rxb4 27.
Rd8+ Rxd8 28. Rxd8+ Kh7 29. Nxa7 Rb1+ 30. Kh2 Rb2 31. f3 Rb7 32. Nc6 Rb6 33. Nd4
Rb4 34. Ne2 Rb2 35. Nc3 Rc2 36. Ne4 Rc7 37. Rd5 Kg6 38. g4 Ra7 39. Rd6+ Kh7 40.
Ng3 Rb7 41. Kg1 Ra7 42. Kf2 Rb7 43. Rd2 Ra7 44. Ne4 Re7 45. Nd6 Rd7 46. Ke3 Re7+
47. Ne4 Ra7 48. Nc5 Re7+ 49. Kf2 Rc7 50. Rd5 Re7 51. Ne4 Rc7 52. Nd6 Rd7 53. Rd2
Kg8 54. Ke1 Re7+ 55. Kd1 Rd7 56. Nf5 Ra7 57. Re2 Rd7+ 58. Ke1 Kf8 59. Rd2 Rxd2
60. Kxd2 Kg8 61. Kd3 Kh7 62. Ke4 Kg6 63. Ke5 Kh7 64. Kd6 Kg6 65. Ke7 h5 66.
gxh5+ Kxf5 67. Kxf7 Kg5 68. Kxg7 Kxh5 69. g4+ Kg5 70. Kf7 Kf4 71. Kf6 Kg3 72. g5
Kf4 73. g6 Ke3 74. g7 Kf4 75. g8=Q Ke3 76. Qd5 Kf4 77. Qe4+ Kg3 78. f4 Kf2 79.
Qd3 Kg2 80. Ke5 1-0

[Event "Titled Tue 10th Jun Early"]
[Site "chess.com INT"]
[Date "2025.06.10"]
[Round "4"]
[White "Praggnanandhaa, R"]
[Black "Uraev, Ivan"]
[Result "1-0"]
[WhiteTitle "GM"]
[BlackTitle "FM"]
[WhiteElo "2767"]
[BlackElo "2194"]
[WhiteFideId "25059530"]
[BlackFideId "4192443"]
[EventDate "2025.06.10"]

1. b3 c5 2. Bb2 e6 3. e4 d6 4. f4 a6 5. Nf3 Nc6 6. Be2 Nf6 7. Nc3 Be7 8. d4 cxd4
9. Nxd4 Bd7 10. Qd2 b5 11. a3 Rc8 12. O-O-O Qb6 13. Nxc6 Bxc6 14. Bf3 O-O 15.
Kb1 Rfd8 16. g4 d5 17. exd5 Nxd5 18. Nxd5 Bxd5 19. Qg2 Bxf3 20. Qxf3 Qc7 21. Qe4
a5 22. f5 exf5 23. gxf5 Rxd1+ 24. Rxd1 f6 25. h4 Kh8 26. h5 h6 27. Rd2 Bf8 28.
Qe6 b4 29. a4 Rd8 30. Re2 Rd1+ 31. Ka2 Rd6 32. Qe8 Rd8 33. Qg6 Qc6 34. Rg2 Rd5
35. Re2 Rd8 36. Re6 Qxc2 37. Rxf6 Qxb2+ 38. Kxb2 gxf6 39. Qf7 Bg7 40. Qa7 Rd2+
41. Kc1 Ra2 42. Qxa5 Bf8 43. Qd8 Kg7 44. Qd7+ Kh8 45. Qe8 Kg8 46. Kb1 Rh2 47. a5
Kg7 48. a6 Bc5 49. Qd7+ Kg8 50. Qc8+ Bf8 51. a7 Rxh5 52. a8=Q 1-0

[Event "Titled Tue 10th Jun Early"]
[Site "chess.com INT"]
[Date "2025.06.10"]
[Round "4"]
[White "Tekeyev, Zaur"]
[Black "Gurevich, Dmitry"]
[Result "1-0"]
[WhiteTitle "IM"]
[BlackTitle "GM"]
[WhiteElo "2407"]
[BlackElo "2338"]
[WhiteFideId "4199731"]
[BlackFideId "2000407"]
[EventDate "2025.06.10"]

1. e4 c5 2. Nf3 d6 3. Bb5+ Bd7 4. Bxd7+ Nxd7 5. Qe2 Ngf6 6. c3 e6 7. d4 cxd4 8.
cxd4 d5 9. e5 Ne4 10. Nbd2 Nxd2 11. Bxd2 Be7 12. Qd3 Rc8 13. g3 Qc7 14. Bc3 Qc4
15. Ke2 O-O 16. Nd2 Qxd3+ 17. Kxd3 b5 18. Ba5 f6 19. exf6 gxf6 20. Rhe1 e5 21.
f3 Bd6 22. Rac1 Kf7 23. Nb3 Rc4 24. Bc3 b4 25. Bd2 Rfc8 26. Be3 f5 27. Rf1 e4+
28. fxe4 dxe4+ 29. Kd2 Kg6 30. Rxc4 Rxc4 31. Bf4 Bxf4+ 32. Rxf4 Nf6 33. Rf1 Nd5
34. Re1 h5 35. Rf1 h4 36. Re1 hxg3 37. hxg3 Kg5 38. Rg1 Kg4 39. Rf1 a5 40. Nxa5
Rxd4+ 41. Ke2 Rd3 42. Nc6 Rxg3 43. Ne5+ Kg5 44. Nf7+ Kf6 45. Nd6 Ke5 46. Nxf5
Rg2+ 47. Ke1 Rxb2 48. Ng3 Rxa2 49. Rf5+ Kd4 50. Rh5 Ra1+ 51. Kf2 Ra2+ 52. Kf1
Ne3+ 53. Kg1 b3 54. Nf5+ Kd3 55. Nxe3 1-0

[Event "Titled Tue 10th Jun Early"]
[Site "chess.com INT"]
[Date "2025.06.10"]
[Round "4"]
[White "Llorente Zaro, Alfonso"]
[Black "Slovineanu, Viacheslav"]
[Result "1-0"]
[WhiteTitle "IM"]
[BlackTitle "IM"]
[WhiteElo "2433"]
[BlackElo "2412"]
[WhiteFideId "2254131"]
[BlackFideId "13900510"]
[EventDate "2025.06.10"]

1. b4 e5 2. Bb2 Bxb4 3. Bxe5 Nf6 4. Nf3 O-O 5. e3 d5 6. c4 Re8 7. Nc3 Nbd7 8.
Bxf6 Nxf6 9. Qb3 Bxc3 10. Qxc3 Bg4 11. Be2 Ne4 12. Qb2 dxc4 13. Bxc4 Bxf3 14.
gxf3 Nxf2 15. Rg1 g6 16. Qb3 Nh3 17. Bxf7+ Kg7 18. Rg3 Qf6 19. Bxe8 Qxa1+ 20.
Qd1 Qxd1+ 21. Kxd1 Rxe8 22. Rxh3 c5 23. a4 Re6 24. Rh4 h5 25. Rc4 Rc6 26. Ke2
Kf6 27. Rf4+ Ke6 28. h4 Rb6 29. Kd3 a5 30. Kc4 Rb2 31. Kxc5 Rxd2 32. Kb5 Rd3 33.
Re4+ Kf5 34. Rf4+ Ke5 35. Re4+ Kf5 36. Kxa5 Rb3 37. Rb4 Rxe3 38. Kb6 Rxf3 39.
Kxb7 Rg3 40. a5 Rg4 41. Rb5+ Kf6 42. a6 Rxh4 43. Ra5 Rb4+ 44. Kc7 Rc4+ 45. Kb7
Rb4+ 46. Kc6 Rc4+ 47. Kb6 Rc8 48. a7 h4 49. a8=Q Rxa8 50. Rxa8 g5 51. Kc5 Kf5
52. Kd4 Kf4 53. Kd3 Kf3 54. Rf8+ Kg3 55. Ke2 h3 56. Kf1 h2 57. Rh8 g4 58. Rh7 1-0

[Event "Titled Tue 10th Jun Early"]
[Site "chess.com INT"]
[Date "2025.06.10"]
[Round "4"]
[White "Rom, Jasper"]
[Black "Huseynova, Dinara"]
[Result "0-1"]
[BlackTitle "WCM"]
[WhiteElo "2163"]
[BlackElo "1833"]
[WhiteFideId "2023733"]
[BlackFideId "13437313"]
[EventDate "2025.06.10"]

1. e4 c6 2. Nc3 d5 3. Nf3 Bg4 4. h3 Bxf3 5. Qxf3 e6 6. g3 Bc5 7. Bg2 Nd7 8. O-O
Ngf6 9. d3 O-O 10. Re1 Bd4 11. g4 Ne8 12. Ne2 Bb6 13. c3 Nd6 14. Ng3 Ne5 15. Qe2
Qh4 16. d4 Ng6 17. e5 Nc8 18. Be3 Qe7 19. f4 f6 20. f5 Nh8 21. Bf4 exf5 22. Nxf5
Qe6 23. Qd2 Ng6 24. exf6 Qxf6 25. Bg3 Nce7 26. Nxe7+ Nxe7 27. Be5 Qf7 28. Bd6
Rae8 29. Re2 Bd8 30. Rf1 Qg6 31. Rxf8+ Kxf8 32. Qf4+ Qf6 33. Qg3 Kg8 34. Be5 Qg6
35. Bd6 Nc8 36. Be5 Ne7 37. h4 h5 38. Bh3 hxg4 39. Bxg4 Nf5 40. Bxf5 Qxg3+ 41.
Bxg3 Rxe2 42. h5 Rxb2 43. Be6+ Kh7 44. Bf4 Bf6 45. Bf5+ Kh8 46. Bc8 Rxa2 47.
Bxb7 Rc2 48. Bxc6 Rxc3 49. Bxd5 Bxd4+ 50. Kg2 a5 51. h6 gxh6 52. Bxh6 a4 53. Bf8
a3 54. Bb4 Rc2+ 55. Kf3 a2 0-1